| 000 | 00904nam a2200289 a 4500 | ||
|---|---|---|---|
| 001 | 000045368 | ||
| 003 | DO-SdBPM | ||
| 005 | 20260217120359.0 | ||
| 007 | ta | ||
| 008 | 150305s2014 dr 000 f spa d | ||
| 020 | _a9789945164639 | ||
| 040 |
_aDO-SdBPM _bspa _cBPMSU _erda |
||
| 082 | 4 |
_aRD863.44 _bJ58c 2014 _222 |
|
| 100 | 1 |
_aJesús Ulerio, Luis Felipe de _d1970 - _4aut. _eautor |
|
| 245 | 1 | 3 |
_aEl Caminante / _cLuis Felipe de Jesús Ulerio. |
| 264 |
_aSanto Domingo : _bEditora Búho, _c2014. |
||
| 300 |
_a116 páginas ; _c22 cm. |
||
| 336 |
_atexto _btxt _2rdacontent |
||
| 337 |
_asin mediación _bn _2rdamedia |
||
| 338 |
_avolumen _bnc _2rdacarrier |
||
| 500 | _aIncluye datos biográficos del autor en las solapas. | ||
| 590 | _aInventariado, 2022/VM | ||
| 650 | 7 | _aNovela dominicana | |
| 650 | 7 | _aLiteratura dominicana. | |
| 910 | _aVMateo V. Control de calidad. BPMSU | ||
| 942 |
_2ddc _cBK |
||
| 999 |
_c14260 _d14260 |
||